000 00931nam a2200205Ii 4500
003 JO-AjNU
008 230605s9999||||xx |||||||||||||| ||und||
017 _a2012/10/3844
040 _aJO-AjNU
_bara
_erda
_cJO-AjNU
041 _aara
050 1 4 _aDS36.88.A425 2012
100 3 _aنافعة، حسن واخرون؛ مراجعة وتقديم دراج، فيصل ,
_eauthor
_947436
245 0 0 _aالعالم العربي ومعضلاته والإصلاح المنشود
264 3 1 _aعمان: وزارة الثقافة، 2012
300 _a285ص
_bيشتمل على مراجع ببيليوجرافيا
336 _atext
_btxt
_2rdacontent
337 _aunmediated
_bn
_2rdamedia
338 _avolume
_bnc
_2rdacarrier
650 4 _aالاصلاحات السياسية- البلاد العربية ، البلاد العربية-احوال اجتماعية واقتصادية، البلاد العربية القرن 21
_947437
999 _aA20708
_c24276
_d24276